| 000 -ლიდერი |
| ფიქსირებული სიგრძის საკონტროლო ველი |
01242nam a2200265Ia 4500 |
| 001 - საკონტროლო ნომერი |
| საკონტროლო ველი |
21004 |
| 003 - საკონტროლო ნომრის იდენტიფიკატორი |
| საკონტროლო ველი |
GE_BSU |
| 005 - ბოლო ოპერაციის თარიღი და დრო |
| საკონტროლო ველი |
20210705180328.0 |
| 008 - ფიქსირებული სიგრძის მონაცემთა ელემენტები - ზოგადი ინფორმაცია |
| ფიქსირებული სიგრძის საკონტროლო ველი |
181216s2002||||ge |||||||||||||| ||geo|| |
| 040 ## - კატალოგიზაციის წყარო |
| Transcribing agency |
GE_BSU |
| 041 ## - ენის კოდი |
| Language code of text/sound track or separate title |
geo |
| 080 ## - უნივერსალური ათობითი კლასიფიკაციის ინდექსი |
| Universal Decimal Classification number |
1+32.01 ჯ-26 |
| 100 ## - მთავარი ჩანაწერი - პიროვნების სახელი |
| Personal name |
ჯაფარიძე, შოთა |
| 9 (RLIN) |
4625 |
| 245 ## - ცნობა სათაურის შესახებ |
| Title |
პოლიტიკური ფილოსოფია / |
| Statement of responsibility, etc |
შოთა ჯაფარიძე ; რედ. შოთა მისაბიშვილი. |
| 264 ## - წარმოების, გამოცემის, დისტრიბუციის და სხვა ცნობები |
| გამოცემის, წარმოების, დისტრიბუციის... ადგილი |
თბილისი-ბათუმი : |
| გამოცემის, წარმოების, დისტრიბუციის... სახელწოდება |
[გ.გ.], |
| გამოცემის, წარმოების, დისტრიბუციის... თარიღი |
2002. |
| 300 ## - ფიზიკური აღწერა |
| Extent |
260 გვ. ; |
| Dimensions |
20 სმ. |
| 504 ## - BIBLIOGRAPHY, ETC. NOTE |
| Bibliography, etc |
ბიბლიოგრაფია გვ. : 258-259 |
| 653 ## - INDEX TERM--UNCONTROLLED |
| Uncontrolled term |
პოლიტიკური ფილოსოფია |
| 653 ## - INDEX TERM--UNCONTROLLED |
| Uncontrolled term |
პოლიტოლოგია |
| 653 ## - INDEX TERM--UNCONTROLLED |
| Uncontrolled term |
ფილოსოფია |
| 700 ## - ADDED ENTRY--PERSONAL NAME |
| Personal name |
მისაბიშვილი, შოთა |
| Relator term |
რედაქტორი |
| 9 (RLIN) |
12189 |
| 710 ## - ADDED ENTRY--CORPORATE NAME |
| Corporate name or jurisdiction name as entry element |
ბათუმის შოთა რუსთაველის სახელმწიფო უნსტიტუტი |
| Subordinate unit |
ფილოსოფიისა და პოლიტოლოგიის კათედრა |
| 9 (RLIN) |
12190 |
| 942 ## - ADDED ENTRY ELEMENTS (KOHA) |
| Koha item type |
წიგნი |
| Source of classification or shelving scheme |
|